| 000 | 00443cam a2200193ua 4500 | ||
|---|---|---|---|
| 020 | _cRs.1.75 | ||
| 041 |
_aeng _h |
||
| 082 |
_a894.812301 _bTOL/TO |
||
| 100 | _aTolstoy, Leo . | ||
| 245 | _aTolstoeyyude ompathu kathakal | ||
| 250 |
_a1 / _b. |
||
| 260 |
_aTrichur : _bBharathiya sathiya samithi , _c1968. |
||
| 300 | _a90 ; . | ||
| 365 | _aRs.1.75 | ||
| 504 | _a | ||
| 700 | 1 | _aLeo, . | |
| 942 | _cBK | ||
| 999 |
_c151 _d151 |
||